000 00924nam a2200229 a 4500
001 000025552
005 20200930023855.0
008 110216s1977 mx a r 000 | spa d
040 _aDO-SdBNP
_bspa
_cBNPHU
041 _aspa
_heng
_2Código de idioma MARC
082 _axxx
_bR329ó
240 0 _aReshaping the International Order (rio)
_lEspañol
245 1 0 _aReestructuración del orden internacional :
_binforme al Club de Roma /
_ccoordinador Jan Tinbergen ; compilación Anthony J. Dolman; director Jan van Ettinger ; traducción Eduardo L. Suárez.
260 _aMéxico, D. F. :
_bFondo de Cultura Económica ,
_c1977.
300 _a526 p. :
_bil. ;
_c17 cm.
490 1 _aPopular
_v167
534 _aTítulo original :
_tReshaping the International Order (rio)
700 1 _aSuárez, Eduardo L. ,
_etr.
_950257
700 1 _aDolman, Anthony J. ,
_ecomp.
_952223
830 0 _aPopular ,
_v167.
_913374
049 _aBNGR
999 _c25044
_d25044